Poultry science / (Record no. 78122)
[ view plain ]
| 000 -LEADER | |
|---|---|
| fixed length control field | 00881nam a22002537a 4500 |
| 003 - CONTROL NUMBER IDENTIFIER | |
| control field | URS |
| 005 - DATE AND TIME OF LATEST TRANSACTION | |
| control field | 20240418211730.0 |
| 008 - FIXED-LENGTH DATA ELEMENTS--GENERAL INFORMATION | |
| fixed length control field | 231003t2023 |||||||| |||| 00| 0 eng d |
| 020 ## - INTERNATIONAL STANDARD BOOK NUMBER | |
| International Standard Book Number | 9781647403386 |
| 040 ## - CATALOGING SOURCE | |
| Transcribing agency | URS |
| Description conventions | rda |
| 050 14 - LIBRARY OF CONGRESS CALL NUMBER | |
| Classification number | SF 487.7 .P8712 2023 |
| 100 1# - MAIN ENTRY--PERSONAL NAME | |
| Personal name | Powell, Edith |
| 245 10 - TITLE STATEMENT | |
| Title | Poultry science / |
| Statement of responsibility, etc. | Edith Powell. |
| 264 #1 - PRODUCTION, PUBLICATION, DISTRIBUTION, MANUFACTURE, AND COPYRIGHT NOTICE | |
| Place of production, publication, distribution, manufacture | New York: |
| Name of producer, publisher, distributor, manufacturer | Syrawood Publishing House, |
| Date of production, publication, distribution, manufacture, or copyright notice | [2023] |
| 264 #4 - PRODUCTION, PUBLICATION, DISTRIBUTION, MANUFACTURE, AND COPYRIGHT NOTICE | |
| Date of production, publication, distribution, manufacture, or copyright notice | ©2023 |
| 300 ## - PHYSICAL DESCRIPTION | |
| Extent | viii, 236 pages : |
| Other physical details | illustrations (some coloured) ; |
| Dimensions | 26 cm |
| 336 ## - CONTENT TYPE | |
| Source | rdacontent |
| Content type term | text |
| 337 ## - MEDIA TYPE | |
| Source | rdamedia |
| Media type term | unmediated |
| 338 ## - CARRIER TYPE | |
| Source | rdacarrier |
| Carrier type term | volume |
| 504 ## - BIBLIOGRAPHY, ETC. NOTE | |
| Bibliography, etc. note | Includes bibliographical references. |
| 505 ## - FORMATTED CONTENTS NOTE | |
| Formatted contents note | Chapter 1: Introduction -- Chapter 2: Types of poultry -- Chapter 3: Poultry farming -- Chapter 4: Poultry management -- Chapter 5: Poultry diseases and their management. |
| 650 #0 - SUBJECT ADDED ENTRY--TOPICAL TERM | |
| Topical term or geographic name entry element | Poultry |
| 942 ## - ADDED ENTRY ELEMENTS (KOHA) | |
| Source of classification or shelving scheme | Library of Congress Classification |
| Koha item type | Foreign Books |
| Withdrawn status | Source of classification or shelving scheme | Damaged status | Not for loan | Home library | Current library | Shelving location | Date acquired | Total Checkouts | Full call number | Barcode | Date last seen | Price effective from | Koha item type |
|---|---|---|---|---|---|---|---|---|---|---|---|---|---|
| Library of Congress Classification | Tanay College Library | Tanay College Library | Reserve Section | 09/19/2023 | SF 487.7 .P8712 2023 | URSTAN-N3478 | 10/04/2023 | 10/04/2023 | Foreign Books | ||||
| Library of Congress Classification | Tanay College Library | Tanay College Library | Reserve Section | 12/27/2024 | SF 487.7 .P8712 2023 | URSTAN-N5434 | 02/13/2025 | 02/13/2025 | Foreign Books |